000 00587nam a2200241 a 4500
003 AR-BaBNM
005 20251128202751.0
008 082120s2002 ||||||||||||||000 | spa||
040 _cAR-BaBNM
100 1 _aLoubet, Josefina
245 0 0 _aLa complicidad
260 _aBuenos Aires
_bLosada
_c1969
300 _a215 p.
490 0 _aNovelistas de nuestra época
650 4 _aLITERATURA ARGENTINA
650 4 _aNOVELAS
650 4 _aESCRITORES
650 4 _aLITERATURA CONTEMPORANEA
653 _aNOVELA PSICOLOGICA
655 _aLITERATURA
942 _cBK
998 _cMARTIN
999 _c469
_d469